Actes de langage et états de choses : Austin et Reinach (notice n° 1648569)

détails MARC
000 -LEADER
fixed length control field 01982cam a2200169 4500500
005 - DATE AND TIME OF LATEST TRANSACTION
control field 20260208003713.0
041 ## - LANGUAGE CODE
Language code of text/sound track or separate title fre
042 ## - AUTHENTICATION CODE
Authentication code dc
100 10 - MAIN ENTRY--PERSONAL NAME
Personal name Laugier, Sandra
Relator term author
245 00 - TITLE STATEMENT
Title Actes de langage et états de choses : Austin et Reinach
260 ## - PUBLICATION, DISTRIBUTION, ETC.
Date of publication, distribution, etc. 2005.<br/>
500 ## - GENERAL NOTE
General note 84
520 ## - SUMMARY, ETC.
Summary, etc. L’article vise à comparer Reinach et Austin dans leur découverte des performatifs et d’un certain type d’acte langagier et social. Il y a des similarités évidentes entre les deux philosophes, mais aussi des différences importantes qui permettent de montrer les véritables enjeux de la théorie austinienne : non seulement une découverte (anticipée par Reinach) de la dimension pragmatique du langage, mais une critique, inséparable de la théorie des performatifs, de la notion même d’état de choses et du représentationalisme. Cette critique permet de distinguer la théorie d’Austin, qui est une théorie de la performance linguistique, d’une ontologie ou d’une théorie des objets sociaux.
520 ## - SUMMARY, ETC.
Summary, etc. This study aims to a comparison between Reinach’s and Austin’s discovery of performative utterances and of a species of both linguistic and social acts. Reinach and Austin share obviously a common approach to the phenomenon of performatives utterances. But there are also some crucial differences between them are to be discovered, which may set in focus some of the actual stakes of Austin’s theory : not only the pragmatic approach to language (foreseen by Reinach himself) but also a criticism of the very idea of state of affairs and of representationalism as such. This critique makes the difference between Austin’s theory of linguistic performance, and Reinach’s (and other’s) ontology, or theory, of social objects.
786 0# - DATA SOURCE ENTRY
Note Les Études philosophiques | 72 | 1 | 2005-03-01 | p. 73-97 | 0014-2166
856 41 - ELECTRONIC LOCATION AND ACCESS
Uniform Resource Identifier <a href="https://shs.cairn.info/revue-les-etudes-philosophiques-2005-1-page-73?lang=fr&redirect-ssocas=7080">https://shs.cairn.info/revue-les-etudes-philosophiques-2005-1-page-73?lang=fr&redirect-ssocas=7080</a>

Pas d'exemplaire disponible.

PLUDOC

PLUDOC est la plateforme unique et centralisée de gestion des bibliothèques physiques et numériques de Guinée administré par le CEDUST. Elle est la plus grande base de données de ressources documentaires pour les Étudiants, Enseignants chercheurs et Chercheurs de Guinée.

Adresse

627 919 101/664 919 101

25 boulevard du commerce
Kaloum, Conakry, Guinée

Réseaux sociaux

Powered by Netsen Group @ 2025